LEADER 01454nam a2200313 u 4500 001 000000062321 003 CaOOAMICUS 005 20070226121124.0 008 010926s1973 be u000 u fre u 020 $a2718900334 035 $a10904359 040 $aPUL(R)$bita 100 1 $aLaporte, Jean-Marc,$cS.I.$0(OLS)http://pul/name/42485 245 14$aLes structures dynamiques de la grâce :$bgrâce médicinale et grâce élevante selon Thomas d'Aquin /$cJean-Marc Laporte. 260 $aTornai :$bDesclée & Cie ;$aMontréal :$bBellarmin,$c1971. 300 $a291 p. ;$c25 cm 490 1 $aRecherches.$aThéologie ;$v11 504 $aBibliografia in nota. 600 04$aThomas Aquinas,$cs.,$dc. 1225-1274$xTeologia.$0(OLS)http://pul/subject/9426 650 4$aGrazia (teologia).$0(OLS)http://pul/subject/5643 830 0$aRecherches.$pThéologie ;$v11.$0(OLS)http://pul/title/13900 850 $aPUL 852 $aPUL$W1$xSL Religione 1$y3$m67 B 61$j81054$nBK-PRI$b $qStampati$B81054$CPULBib$Z2$F81054 $H $81 941 1 $a8 961 $aINV: 48094 996 $6020$a2718900334$9(OLS)http://pul/number/80815 996 $6245$aLes structures dynamiques de la grâce :$bgrâce médicinale et grâce élevante selon Thomas d'Aquin$9(OLS)http://pul/title/83159 996 $6260$aTornai :$bDesclée & Cie$9(OLS)http://pul/publisher/69275 996 $6260$aMontréal :$bBellarmin$9(OLS)http://pul/publisher/52489 LEADER 01567nam a2200349 u 4500 001 000000091902 003 CaOOAMICUS 005 20070226124900.0 008 060329r19791953enk u000 u eng u 020 $a0140440550 035 $a11083740 040 $aPUL(R)$bita 041 1 $aeng$hgrc 100 0 $aAristoteles,$d384-322 a.C.$0(OLS)http://pul/name/792 240 10$aEthica Nicomachea$9(Aristoteles, 384-322 a.C.).$lEnglish.$0(OLS)http://pul/title/118622 245 14$aThe Ethics of Aristotle :$bThe Nicomachean Ethics /$ctranslated by J.A.K. Thomson ; revised with notes and appendices by Hugh Tredennick ; introduction and bibliography by Jonathan Barnes. 260 $aHarmondsworth :$bPenguin Books,$cristampa1979. 300 $a383 p. ;$c23 cm 490 1 $aPenguin classics 500 $aIndici : p. 371-383. 504 $aBibliografia : p. 44-52. 700 1 $aBarnes, Jonathan,$d1942-$0(OLS)http://pul/name/22087 700 1 $aTredennick, Hugh.$0(OLS)http://pul/name/11672 830 0$aPenguin classics.$0(OLS)http://pul/title/4365 850 $aPUL 852 $aPUL$W1$xDP1 Fondo Seidl$y56$m4 A 38$j115100$nBK-PRI$b $qFondi$B115669$CPULBib$Z2$F115669 $H $81 900 $aAristotle,$d 384-322 a.C.$9792 900 $aAristotele,$d384-322 a.C.$9792 941 1 $a1 996 $6020$a0140440550$9(OLS)http://pul/number/120533 996 $6245$aThe Ethics of Aristotle :$bThe Nicomachean Ethics$9(OLS)http://pul/title/118623 996 $6260$aHarmondsworth :$bPenguin Books$9(OLS)http://pul/publisher/68006